000
00299nam a2200133Ia 4500
008
230312s9999||||xx |||||||||||||| ||und||
082
_a
330
_b
PAK
245
0
_a
Pakistan Economic Survey 2003-04
260
_b
Govt of Pakistan
300
_a
132
546
_a
Eng.
650
_a
Economics
942
_c
BK
999
_c
6068
_d
6068